000 00532nam a2200181Ia 4500
008 240729s9999 xx 000 0 und d
022 _a2090-6412
245 0 _aCase Reports in Cardiology
260 _aUnited Kingdom
260 _bHindawi Limited
650 _a Diseases of the circulatory (Cardiovascular) system
650 _a Internal medicine
650 _a Specialties of internal medicine
650 _aMedicine
856 _uhttps://doaj.org/toc/02cd6faac00f4475b9aab95624ee22ae
942 _2ddc
942 _cDOAJEJ
999 _c71676
_d71676
945 _a1
_bMadushi Gamage
_c1
_dMadushi Gamage